L architecture sensible (Record no. 2363)

MARC details
000 -Etiqueta do registo
Campo de controlo de comprimento fixo 00313 a2200145 4500
020 ## - ISBN (NÚMERO DE LIVRO PADRÃO INTERNACIONAL)
ISBN 2-04-011064-x
040 ## - Fonte de Catalogação
Agência de catalogação Biblioteca Geral- Universidade Lusíada de Angola
082 ## - DEWEY DECIMAL CLASSIFICATION NUMBER
Número de classificação 72
Classificador- CDU 72
100 ## - Nome Pessoal
9 (RLIN) 1190
Autor MOORE,CH
245 ## - Declaração de Título
Título L architecture sensible
260 ## - Publicação e Destribuíção
Local de edição/distribuição Paris ,
Editor/distribuidor Bordas
Data de edição/distribuição 1981.
300 ## - Descrição Física
Nº Pág. 187p
650 ## - MATERIA
MATERIA Arquitectura
942 ## - - Elementos de entrada adicionados (koha)
Tipo de documento Livros

No items available.